000 00605nam a2200205Ia 4500
005 20250508152624.0
008 008 250505s9999 xx 000 0 eng d
037 _aTextual
040 _aFEDL
_beng
_cFEDL
041 _aeng
_2eng
084 _a530, BUR
_qFEDL
100 _aBurns
245 0 _aActivities in physics : Combined workbook and laboratory manual to accompany : Physics- a basic science
250 _a3rd
260 _aPrinceton
_bD Van Nostrand Company
_c1954
300 _a184p.
700 _a Verwiebe
_9761997
942 _cTEXL
_h530, BUR
999 _c1337658
_d1337658